| 000 | 01380nam1a22002531i 4500 | ||
|---|---|---|---|
| 001 | rc\3375347 | ||
| 005 | 20260407151151.0 | ||
| 035 | _a(NLR Aleph) 007531784 | ||
| 090 |
_a7757303 _c7757303 |
||
| 100 | _a20130115d1973 |||y0rusy50 ca | ||
| 101 | 0 | _arus | |
| 102 | _aRU | ||
| 105 | _a z ||||| | ||
| 200 | 1 |
_aАлюминиевая промышленность капиталистических и развивающихся стран _e[Обзор _fПод ред. канд. техн. наук Г.Л. Пустильник _gМ-во цв. металлургии СССР. Центр. науч.-исслед. ин-т информации и техн.-экон. исследований цв. металлургии. В 5 ч.] Ч. 1- |
|
| 210 |
_aМосква _cБ. и. _d1973- |
||
| 215 | _d21 | ||
| 606 |
_aАлюминиевая промышленность _yКапиталистические страны _2psbo |
||
| 606 |
_aАлюминиевая промышленность _yРазвивающиеся страны _2psbo |
||
| 702 | 1 |
_aПустильник _bГ.Л. _4340 |
|
| 712 | 0 | 2 |
_aЦНИИ информации и технико-экономических исследований цветной металлургии _cМосква _3RU\NLR\AUTH\8810026380 _9550967 |
| 801 | 0 |
_aRU _bNLR _gpsbo |
|
| 801 | 1 |
_aRU _bELAR _2rusmarc |
|
| 852 |
_aNLR _j73-6/4093 |
||
| 942 | _cBOOK | ||